[Event "POL-ch U20"]
[Site "Chotowa"]
[Date "2023.10.31"]
[Round "9"]
[White "Pancewicz, Szymon"]
[Black "Ugorek, Kacper"]
[Result "1/2-1/2"]
[WhiteElo "1853"]
[BlackElo "1999"]
[PlyCount "199"]
[EventDate "2023.10.24"]
[EventType "swiss"]
[EventRounds "9"]
[EventCountry "POL"]
[SourceTitle "Mega2024 Update 01"]
[Source "Chessbase"]
[SourceDate "2023.11.12"]
[SourceVersion "1"]
[SourceVersionDate "2023.11.12"]
[SourceQuality "1"]
[WhiteTeam "Poland"]
[BlackTeam "Poland"]
[WhiteTeamCountry "POL"]
[BlackTeamCountry "POL"]

1. Nf3 Nf6 2. b3 d5 3. Bb2 Bf5 4. e3 e6 5. d4 h6 6. Bd3 Bxd3 7. Qxd3 Nbd7 8. 0-0 c6 9. c4 Bd6 10. Nbd2 0-0 11. e4 dxe4 12. Nxe4 Nxe4 13. Qxe4 Qe7 14. Rad1 Rfe8 15. h3 Rad8 16. Rfe1 Nf6 17. Qe3 b5 18. Ne5 Qb7 19. Qf3 bxc4 20. Qxc6 Qxc6 21. Nxc6 Rc8 22. Nxa7 Rb8 23. Nc6 Rb6 24. Na5 cxb3 25. Nc4 Rc6 26. axb3 Rb8 27. d5 Rxc4 28. bxc4 Rxb2 29. dxe6 Be7 30. exf7+ Kxf7 31. Rb1 Rxb1 32. Rxb1 Ne4 33. Rb2 Ke6 34. Re2 Kf5 35. g4+ Kf4 36. Kg2 Bc5 37. Rb2 Ke5 38. Rb7 g5 39. Rh7 Nxf2 40. Rxh6 Ne4 41. h4 gxh4 42. Rxh4 Nd6 43. Rh5+ Kd4 44. g5 Nxc4 45. g6 Bf8 46. Rh8 Bg7 47. Rh7 Bf6 48. g7 Bxg7 49. Rxg7 Ne3+ 50. Kf3 Nd5 51. Rd7 Ke5 52. Rh7 Nf6 53. Rh6 Nd5 54. Rh5+ Kd4 55. Rf5 Nc3 56. Ra5 Nd5 57. Ke2 Nc3+ 58. Kd2 Ne4+ 59. Kc2 Nc5 60. Ra8 Ne4 61. Rd8+ Ke3 62. Rd7 Nc5 63. Rd5 Ne4 64. Rd8 Nf2 65. Kc3 Ne4+ 66. Kc4 Nd2+ 67. Kd5 Nf3 68. Re8+ Kd3 69. Rh8 Ke3 70. Ra8 Kf4 71. Ra4+ Kf5 72. Ra3 Kf4 73. Rd3 Ng5 74. Rd4+ Kf5 75. Rd1 Nf3 76. Rh1 Kf4 77. Rh3 Kg4 78. Rh8 Kf4 79. Rf8+ Ke3 80. Rf7 Nd2 81. Re7+ Kd3 82. Re5 Nf3 83. Re4 Nd2 84. Ra4 Kc3 85. Ra3+ Nb3 86. Ke4 Kb4 87. Ra2 Nc5+ 88. Kd5 Nb3 89. Rc2 Na5 90. Rc8 Nb3 91. Rc4+ Kb5 92. Rc3 Kb4 93. Rc4+ Kb5 94. Rc8 Kb4 95. Rc2 Na5 96. Ke4 Nb3 97. Rc8 Na5 98. Kd3 Kb5 99. Rc3 Kb4 100. Rc1 1/2-1/2

[Event "POL-ch Blitz U18"]
[Site "Bydgoszcz"]
[Date "2023.08.31"]
[Round "2"]
[White "Sniadecki, Oskar"]
[Black "Ugorek, Kacper"]
[Result "1/2-1/2"]
[WhiteElo "1646"]
[BlackElo "1990"]
[PlyCount "142"]
[EventDate "2023.08.28"]
[EventType "swiss"]
[EventRounds "10"]
[EventCountry "POL"]
[SourceTitle "EXT 2024"]
[Source "ChessBase"]
[SourceDate "2023.10.10"]
[SourceVersion "1"]
[SourceVersionDate "2023.10.10"]
[SourceQuality "1"]

1. d4 d5 2. c4 e6 3. Nc3 Nf6 4. Bg5 Be7 5. e3 0-0 6. Nf3 Nbd7 7. Be2 a6 8. 0-0 dxc4 9. Bxc4 b5 10. Be2 Bb7 11. Rc1 h6 12. Bh4 c5 13. Ne5 Nxe5 14. dxe5 Nd7 15. Bxe7 Qxe7 16. f4 Nb6 17. Bf3 Rfd8 18. Qe2 Nc4 19. Bxb7 Qxb7 20. b3 Nb6 21. Qc2 Nd5 22. Nxd5 Rxd5 23. e4 Rd7 24. Qxc5 Qxe4 25. Qc2 Qd4+ 26. Kh1 Rad8 27. Qc6 Qa7 28. h3 Rd2 29. a4 bxa4 30. bxa4 a5 31. Rb1 Qd4 32. Qb5 Qd5 33. Qxd5 R8xd5 34. Rb8+ Kh7 35. Ra8 Ra2 36. Kh2 Rxa4 37. Kg3 Rad4 38. Ra1 Rd3+ 39. Kf2 Rd2+ 40. Kg3 R5d3+ 41. Kh2 Rd4 42. Kg3 Kg6 43. R8xa5 R2d3+ 44. Kh2 Rxf4 45. Re1 Rd2 46. Re3 Rf5 47. h4 Rd4 48. Kh3 Rd5 49. Rxd5 exd5 50. g4 Rf1 51. Rd3 Re1 52. Rxd5 Re3+ 53. Kg2 h5 54. Rd6+ f6 55. exf6 gxf6 56. g5 Re4 57. Rxf6+ Kg7 58. Kg3 Rg4+ 59. Kh3 Ra4 60. Rh6 Ra3+ 61. Kh2 Ra2+ 62. Kg3 Ra3+ 63. Kf2 Ra2+ 64. Ke3 Ra3+ 65. Kd2 Ra2+ 66. Kc3 Ra4 67. Rxh5 Ra6 68. Kd4 Rb6 69. Ke5 Ra6 70. Kf5 Ra5+ 71. Kf4 Ra6 1/2-1/2

[Event "POL-ch U16"]
[Site "Jastrzebia Gora"]
[Date "2023.??.??"]
[Round "8"]
[White "Ugorek, Kacper"]
[Black "Nowak, Filip"]
[Result "1/2-1/2"]
[WhiteElo "1650"]
[BlackElo "1893"]
[PlyCount "73"]
[EventDate "2023.03.11"]
[EventType "swiss"]
[EventRounds "9"]
[EventCountry "POL"]
[SourceTitle "CBM 213 Extra"]
[Source "ChessBase"]
[SourceDate "2023.05.31"]
[SourceVersion "1"]
[SourceVersionDate "2023.05.31"]
[SourceQuality "1"]

1. d4 d5 2. c4 c6 3. Nf3 Nf6 4. Qc2 g6 5. Bf4 Bf5 6. Qb3 Qb6 7. e3 Qxb3 8. axb3 Nbd7 9. Nc3 e6 10. c5 a6 11. h3 Bg7 12. b4 0-0 13. Be2 Rfe8 14. Ne5 Nxe5 15. Bxe5 Nd7 16. Bxg7 Kxg7 17. g4 Bc2 18. Kd2 Bb3 19. Ra3 Bc4 20. Bxc4 dxc4 21. Ne4 e5 22. Nd6 Re7 23. Re1 Nf6 24. dxe5 Rxe5 25. e4 Rd8 26. f4 Rxe4 27. g5 Rd4+ 28. Kc3 R4xd6 29. cxd6 Nd5+ 30. Kxc4 Rxd6 31. Rf3 Rd7 32. f5 gxf5 33. Rxf5 Kg6 34. Rfe5 Nb6+ 35. Kc3 Nd5+ 36. Kb3 Nf4 37. R1e3 1/2-1/2

[Event "POL-ch U16"]
[Site "Jastrzebia Gora"]
[Date "2023.??.??"]
[Round "4"]
[White "Ugorek, Kacper"]
[Black "Przybylski, Bartosz1111"]
[Result "1-0"]
[WhiteElo "1650"]
[BlackElo "1868"]
[PlyCount "127"]
[EventDate "2023.03.11"]
[EventType "swiss"]
[EventRounds "9"]
[EventCountry "POL"]
[SourceTitle "CBM 213 Extra"]
[Source "ChessBase"]
[SourceDate "2023.05.31"]
[SourceVersion "1"]
[SourceVersionDate "2023.05.31"]
[SourceQuality "1"]

1. c4 e6 2. d4 d5 3. Nf3 Nf6 4. g3 dxc4 5. Bg2 c6 6. 0-0 b5 7. b3 cxb3 8. axb3 Bb7 9. Bb2 Be7 10. Nbd2 Nbd7 11. Ne5 Qb6 12. Nxd7 Nxd7 13. d5 Bf6 14. Bxf6 Nxf6 15. dxe6 fxe6 16. Ne4 0-0 17. Qd6 Nxe4 18. Qxe6+ Kh8 19. Qxe4 Rae8 20. Qc2 a6 21. e3 Rc8 22. b4 Rf7 23. Rfd1 Rcf8 24. Rd2 Qc7 25. Qc3 Qc8 26. Rc1 Rf6 27. f4 Qe8 28. e4 Qh5 29. e5 Rg6 30. Bf3 Rh6 31. Qc5 Re8 32. Rcc2 Qf5 33. Qe3 Qf8 34. Qc3 Qf5 35. Qe3 Qf8 36. Rc5 Rd8 37. Rxd8 Qxd8 38. Rc2 Qf8 39. Qd4 Re6 40. Rd2 g6 41. Qd8 Kg8 42. Qxf8+ Kxf8 43. Kf2 Re7 44. Ke3 Ke8 45. Rc2 Kd7 46. Bg4+ Kc7 47. Kd4 Re8 48. e6 Kd6 49. Rd2 Rd8 50. Ke4+ Ke7 51. Rxd8 Kxd8 52. Kd4 Ke7 53. Kc5 h5 54. Bh3 Ba8 55. Kb6 Kd6 56. Bg2 Kxe6 57. Kxa6 Kf5 58. Bf3 c5 59. Bxa8 cxb4 60. Bd5 g5 61. fxg5 Kxg5 62. h3 Kf5 63. Kxb5 Ke5 64. Bb3 1-0

[Event "EU-ch Blitz"]
[Site "Katowice"]
[Date "2022.12.16"]
[Round "14"]
[White "Ugorek, Kacper"]
[Black "Haug, Havard"]
[Result "0-1"]
[WhiteElo "1682"]
[BlackElo "2044"]
[PlyCount "84"]
[EventDate "2022.12.16"]
[EventType "swiss (blitz)"]
[EventRounds "22"]
[EventCountry "POL"]
[SourceTitle "CBM 211 Extra"]
[Source "ChessBase"]
[SourceDate "2023.01.31"]
[SourceVersion "1"]
[SourceVersionDate "2023.01.31"]
[SourceQuality "1"]

1. d4 d5 2. c4 e6 3. Nf3 Nf6 4. g3 c5 5. cxd5 Nxd5 6. Bg2 Be7 7. 0-0 0-0 8. dxc5 Bxc5 9. a3 Nc6 10. b4 Be7 11. Bb2 Bf6 12. Qb3 a5 13. e4 Nc7 14. Nc3 Nd4 15. Nxd4 Bxd4 16. Rfd1 Qf6 17. Qc2 axb4 18. axb4 Rxa1 19. Rxa1 e5 20. Nd5 Nxd5 21. exd5 Bf5 22. Qd2 Rc8 23. Bxd4 exd4 24. Rc1 Rc3 25. Qf4 g6 26. Bf1 Rxc1 27. Qxc1 d3 28. Qe3 Qa1 29. Kg2 Bh3+ 30. Kxh3 Qxf1+ 31. Kg4 Qd1+ 32. Kg5 Qh5+ 33. Kf6 Qf5+ 34. Ke7 Qxd5 35. Qd2 Qe4+ 36. Kd6 Qe2 37. Qc3 d2 38. Qf6 d1Q+ 39. Kc7 Qc4+ 40. Kb8 Qe6 41. Qf4 Kg7 42. Qc7 Qdd6 0-1

[Event "Polanica Zdroj op-D 58th"]
[Site "Polanica Zdroj"]
[Date "2022.08.21"]
[Round "9"]
[White "Karpiuk, Julian"]
[Black "Ugorek, Kacper"]
[Result "1/2-1/2"]
[WhiteElo "1513"]
[BlackElo "1747"]
[PlyCount "62"]
[EventDate "2022.08.13"]
[EventType "swiss"]
[EventRounds "9"]
[EventCountry "POL"]
[SourceTitle "CBM 210 Extra"]
[Source "ChessBase"]
[SourceDate "2022.11.30"]
[SourceVersion "1"]
[SourceVersionDate "2022.11.30"]
[SourceQuality "1"]

1. d4 Nf6 2. c4 g6 3. Nc3 Bg7 4. Bg5 0-0 5. e3 d6 6. Bd3 h6 7. Bh4 e5 8. Nge2 Nc6 9. d5 Ne7 10. f3 Nd7 11. Qd2 f5 12. 0-0-0 Nc5 13. Bc2 a5 14. Bxe7 Qxe7 15. g4 fxg4 16. fxg4 Bxg4 17. Rhg1 h5 18. h3 Bf5 19. Bxf5 Rxf5 20. Rxg6 Raf8 21. Rdg1 Rf1+ 22. Kc2 Rxg1 23. Rg5 Rg2 24. Rxg2 Qh4 25. Rg1 Qxh3 26. Ng3 h4 27. Qe2 Qf5+ 28. Nge4 Qh7 29. Qg2 h3 30. Kd2 h2 31. Qg4 Nxe4+ 1/2-1/2

[Event "Wroclaw Anderssen Memorial"]
[Site "Wroclaw"]
[Date "2022.07.30"]
[Round "3"]
[White "Ugorek, Kacper"]
[Black "Kocierz, Pawel"]
[Result "1-0"]
[WhiteElo "1747"]
[BlackElo "1715"]
[PlyCount "55"]
[EventDate "2022.07.30"]
[EventType "swiss (rapid)"]
[EventRounds "9"]
[EventCountry "POL"]
[SourceTitle "CBM 209 Extra"]
[Source "ChessBase"]
[SourceDate "2022.09.30"]
[SourceVersion "1"]
[SourceVersionDate "2022.09.30"]
[SourceQuality "1"]

1. f4 e5 2. fxe5 d6 3. exd6 Bxd6 4. Nf3 Nf6 5. d4 Ng4 6. g3 Nxh2 7. Rxh2 Bxg3+ 8. Rf2 Bg4 9. Nbd2 0-0 10. Ne4 Bxf2+ 11. Kxf2 Re8 12. Ng3 Nc6 13. e3 Qf6 14. Bd3 h5 15. Qh1 h4 16. Ne2 g5 17. Bd2 Ne7 18. Rg1 Bxf3 19. Qxf3 Qxf3+ 20. Kxf3 f6 21. e4 Kf7 22. e5 fxe5 23. Bc4+ Kf8 24. Bxg5 Nf5 25. Bf6 e4+ 26. Kf4 Ng3 27. Nxg3 hxg3 28. Rxg3 1-0

[Event "Wroclaw Anderssen Memorial"]
[Site "Wroclaw"]
[Date "2022.07.30"]
[Round "8"]
[White "Ugorek, Kacper"]
[Black "Sernecki, Franciszek"]
[Result "1/2-1/2"]
[WhiteElo "1747"]
[BlackElo "2261"]
[PlyCount "44"]
[EventDate "2022.07.30"]
[EventType "swiss (rapid)"]
[EventRounds "9"]
[EventCountry "POL"]
[SourceTitle "CBM 209 Extra"]
[Source "ChessBase"]
[SourceDate "2022.09.30"]
[SourceVersion "1"]
[SourceVersionDate "2022.09.30"]
[SourceQuality "1"]

1. e4 e6 2. d4 d5 3. Nc3 Bb4 4. e5 c5 5. Bd2 Ne7 6. f4 0-0 7. Nf3 Nbc6 8. Nb5 Bxd2+ 9. Qxd2 b6 10. Nd6 f6 11. c3 Bd7 12. Bd3 Nc8 13. Nxc8 Rxc8 14. 0-0 Be8 15. h3 Ne7 16. Rae1 Bg6 17. exf6 Rxf6 18. Bxg6 Nxg6 19. Ne5 Ne7 20. Ng4 Rg6 21. Ne5 Rf6 22. Ng4 Rg6 1/2-1/2

[Event "Wroclaw Anderssen Memorial"]
[Site "Wroclaw"]
[Date "2022.07.30"]
[Round "2"]
[White "Zubarev, Alexander2222"]
[Black "Ugorek, Kacper"]
[Result "1-0"]
[WhiteElo "2372"]
[BlackElo "1747"]
[PlyCount "97"]
[EventDate "2022.07.30"]
[EventType "swiss (rapid)"]
[EventRounds "9"]
[EventCountry "POL"]
[SourceTitle "CBM 209 Extra"]
[Source "ChessBase"]
[SourceDate "2022.09.30"]
[SourceVersion "1"]
[SourceVersionDate "2022.09.30"]
[SourceQuality "1"]

1. e4 c5 2. Nc3 Nc6 3. f4 g6 4. Bb5 Nd4 5. Bc4 Bg7 6. Nf3 d6 7. Nxd4 cxd4 8. Ne2 e6 9. 0-0 Ne7 10. d3 0-0 11. Bb3 d5 12. e5 f6 13. Nxd4 fxe5 14. fxe5 Bxe5 15. Nf3 Bg7 16. d4 Nf5 17. c3 b6 18. Qe2 Qd6 19. Ng5 h6 20. Bf4 e5 21. Bxe5 Bxe5 22. Qxe5 Bb7 23. Rxf5 Qxe5 24. Rxe5 hxg5 25. Rxg5 Rae8 26. Rf1 Rxf1+ 27. Kxf1 Ba6+ 28. Kf2 Re2+ 29. Kf3 Rxb2 30. Rxg6+ Kh7 31. Rg3 Bc4 32. Bxc4 dxc4 33. Ke4 Rxa2 34. Kd5 b5 35. Kc5 Rb2 36. d5 a5 37. Re3 a4 38. Re7+ Kg6 39. Ra7 Rxg2 40. Kxb5 Rxh2 41. Kxc4 Ra2 42. Kb4 Rb2+ 43. Kc5 Rb3 44. c4 a3 45. d6 Kf6 46. Kc6 Rc3 47. c5 Ke6 48. Re7+ Kf6 49. Re2 1-0

[Event "POL-ch U14"]
[Site "Uniejow"]
[Date "2021.07.21"]
[Round "4"]
[White "Zieba, Hubert"]
[Black "Ugorek, Kacper"]
[Result "1/2-1/2"]
[WhiteElo "1417"]
[BlackElo "1569"]
[PlyCount "103"]
[EventDate "2021.07.18"]
[EventType "swiss"]
[EventRounds "9"]
[EventCountry "POL"]
[SourceTitle "EXT 2022"]
[Source "ChessBase"]
[SourceDate "2021.10.06"]
[SourceVersion "1"]
[SourceVersionDate "2021.10.06"]
[SourceQuality "1"]

1. c4 c5 2. Nc3 Nf6 3. Nf3 d5 4. cxd5 Nxd5 5. g3 g6 6. Bg2 Bg7 7. 0-0 0-0 8. d4 Nc6 9. Nxd5 Qxd5 10. Ne5 Qxd4 11. Nxc6 bxc6 12. Qxd4 cxd4 13. Bxc6 Rb8 14. Be4 Bb7 15. Bxb7 Rxb7 16. Rd1 Rc8 17. Rb1 e5 18. Bd2 e4 19. Rbc1 Rbc7 20. Rxc7 Rxc7 21. Rc1 Rxc1+ 22. Bxc1 f5 23. Kf1 Kf7 24. Ke1 Ke6 25. b3 Kd5 26. Bb2 Bf8 27. Kd1 a5 28. a3 a4 29. bxa4 Kc4 30. f3 Bc5 31. fxe4 fxe4 32. Kc2 h5 33. h3 Bd6 34. g4 Be7 35. gxh5 gxh5 36. Bc1 Bd6 37. Bb2 Bc5 38. Bc1 Bd6 39. Bb2 Bc7 40. Bc1 e3 41. Bb2 Ba5 42. Ba1 Bb6 43. Bb2 Bd8 44. Bc1 Ba5 45. Bb2 Bd2 46. Ba1 Be1 47. Bb2 h4 48. Ba1 Ba5 49. Bb2 Bb6 50. Ba1 Bc7 51. Bb2 Ba5 52. Ba1 1/2-1/2